Allgemeinwissen schwer #5 - Statistiken

Allgemein
  • Dieses Quiz wurde 387 mal gespielt
  • Das Durchschnittsergebnis liegt bei 3 aus 20
Antwortstatistiken
Hint Antwort % Korrekt
Was ist das Ergebnis von 10³? 1000
87%
Was ist das Ergebnis von 3+4(2+5)+9²? 112
69%
Wie viele Meter muss man innerorts beim parken vor einem Andreaskreuz mindestens einhalten? 5
51%
Was ist die Summenformel von Ethanol? C2H6O
16%
Was ist das Ergebnis von 5!*6³? 25920
7%
Welcher britische Premierminister hat das Münchener Abkommen unterzeichnet? Neville Chamberlain
6%
Im welchem Jahr wurde Bor entdeckt? 1808
4%
Wann kam City Skylines raus? 10.03.2015
2%
Was ist der Schmelzpunkt von Bor (In °C)? 2076
2%
Was ist die Summenformel von Hexafluorantimonsäure? SbHF6
2%
Fest im Judentum mit den Anfangsbuchstaben S Schawuot
2%
Wann kam Mario Kart Double Dash raus? 07.11.2003
1%
Was ist der Durchmesser der Erde? 12742 Kilometer
1%
Wann kam Super Mario Bros raus? 13.07.1985
1%
Wann kam Minecraft raus? 17.05.2009
1%
√pi mit den ersten 10 Nachkommastellen 1,7724538509
1%
Was ist die Dichte von Bor (In g/cm³ auf die 2 Nachkommastellen gerundet)? 2,46
1%
Was ist der Siedepunkt von Bor (In °C)? 3930
1%
Was ist die Summenformel von Titin? C169719H270466N45688O52238S911
1%
Wie sichert man einen Pkw mit automatischer Kraftübertragung gegen Wegrollen? Wählhebel in P-Stellung bringen
1%
Keine übereinstimmenden Quizze gefunden
Verteilung der Resultate
Anzahl Personen mit jedem Resultat
Perzentil nach korrekt beantworteten Fragen
Ihre Resultats-Entwicklung
Sie haben dieses Quiz noch nicht gespielt